| 000 | 00542nam a2200217 a 4500 | ||
|---|---|---|---|
| 999 |
_c3867 _d3867 |
||
| 001 | 3867 | ||
| 003 | BD-JhCC | ||
| 005 | 20220811134024.0 | ||
| 008 | 171119s enka|||| ||a| 000 0 eng d | ||
| 035 | _a(BD-JhCC)3867 | ||
| 040 |
_aBD-JhCC _dBD-JhCC |
||
| 041 | _aben | ||
| 082 |
_a823 _bJER |
||
| 100 | _aJerrome, Edward G. | ||
| 245 |
_aTales of Famous Women / _cEdward G. Jerrome |
||
| 260 |
_aLondon : _bBlackie & son Limited, |
||
| 300 |
_a25 p. : _c18 cm. _billu; |
||
| 650 | _aFamous Women | ||
| 942 |
_2ddc _cBK _02 |
||